[Event "IOM Open-Masters 2017"]
[Site "Douglas"]
[Date "2017.09.24"]
[Round "2"]
[White "Arjun, Kalyan"]
[Black "Jones, Gawain C B"]
[Result "0-1"]
[WhiteElo "2406"]
[BlackElo "2668"]
[Annotator "TA"]
[PlyCount "130"]
[EventDate "2017.??.??"]
[EventType "swiss"]
[EventCountry "GBR"]
[SourceTitle "playchess.com"]
[Source "ChessBase"]
[SourceQuality "1"]

{[%evp 22,130,0,0,0,0,0,0,18,0,0,-10,0,-33,-11,-32,-37,-37,-41,-18,0,-9,-9,-12,-12,-12,-12,-12,-12,-12,-6,-39,-41,-30,-30,-68,-68,-148,-145,-137,-127,-160,-31,-139,-139,-200,-200,-226,-225,-206,-200,-198,-189,-208,-204,-202,-81,-217,-220,-217,-217,-222,-187,-199,-199,-233,-233,-225,-218,-387,-285,-402,-394,-473,-460,-457,-397,-397,-397,-397,-270,-402,-402,-362,-239,-1131,-1015,-835,-758,-507,-584,-508,-375,-250,-225,-1131,-635,-935,-1060,-29975,-1041,-942,0,-29975,-29976,-29976,-29975,-29976,-29976,-12843,-11704]} 1. e4 c5 2. Nf3 Nc6 3. d4 cxd4 4. Nxd4 g6 5. c4 Bg7 6. Be3 d6 7. Nc3 Qb6 {B38: Sizilianisch (Maroczy-Aufbau)} 8. Nb3 Bxc3+ 9. bxc3 Qc7 10. c5 (10. Bd3 Nf6 11. O-O b6 12. h3 Ne5 13. Bh6 Nxd3 14. Qxd3 Ba6 15. Nd2 {1-0 (34) Alekseev,E (2636)-Savchenko,B (2613) Sochi 2016}) 10... dxc5 11. Nxc5 Nf6 12. f3 {LiveBook: 4 Partien} O-O 13. Be2 Ne5 14. O-O b6 15. Nb3 Be6 $146 16. Qc2 Bc4 17. Rfd1 Rfd8 18. Bd4 {Lxe5 ist eine echte Drohung.} Rac8 19. a4 Bxe2 20. Qxe2 Qc4 (20... Nh5 {is interesting.} 21. g3 Ng7 22. f4 Nc4 23. a5 e5) 21. Qxc4 Nxc4 22. Bxf6 Rxd1+ 23. Rxd1 exf6 $11 {[%mdl 4096] Endspiel KTS-KTS} 24. Rd7 Nb2 {Mit der Idee ...a5.} 25. Rxa7 Rxc3 26. Nd2 Rd3 27. Nf1 Ra3 28. Ra6 Nxa4 29. Ne3 (29. Ra8+ $15 Kg7 30. Rb8) 29... Rxe3 $17 30. Rxa4 {KT-KT} Rb3 31. Ra7 g5 ({Lieber} 31... Rb1+ $17 32. Kf2 Rb2+ 33. Kg3 b5) 32. Rb7 (32. Kf2 $15) 32... h5 $1 {[%cal Bh7h5,Bh5h4][%mdl 32]} 33. h3 (33. g3 $17) 33... Kg7 $19 34. Kf2 Rb2+ 35. Kf1 Rb1+ 36. Kf2 h4 $1 37. Rb8 {[#]} f5 $1 {[%mdl 512]} 38. exf5 {[#]} Kf6 (38... Rb2+ $1 $19 {ist viel giftiger.} 39. Kf1 Kf6) 39. Rb7 (39. f4 $17 {war nötig.}) 39... Rb2+ ({Weniger gut wäre} 39... Kxf5 40. Rxf7+ Ke6 41. Rb7 $17) 40. Kg1 b5 {[%cal Bb6b5,Bb5b4,Bb4b3][%mdl 32]} (40... Kxf5 41. Rxf7+ Ke5 42. Re7+ Kd4 43. Rd7+ Ke3 44. Re7+ Kd3 45. Rd7+ Ke3 46. Re7+ Kd3 47. Rd7+ Ke3 $17) 41. Kf1 Rb1+ ({Keinesfalls} 41... Kxf5 42. Rxf7+ Ke5 43. Re7+ Kf4 44. Re4+ Kf5 45. Rg4) 42. Kf2 b4 ({Auf keinen Fall} 42... Kxf5 43. Rxf7+ Ke6 44. Rb7 $17) 43. Rb5 b3 44. Ke2 Rb2+ 45. Kf1 $2 (45. Ke1) 45... Ke7 46. Kg1 (46. Ke1 {ist wohl besser.}) 46... Kd6 47. f6 Ke6 48. Rb6+ Ke5 49. Kh1 Rb1+ 50. Kh2 Kf5 {zielt auf ...b2 ab.} 51. Rb4 (51. Rc6 $142) 51... Kxf6 52. f4 Rb2 53. fxg5+ $2 (53. Kg1) 53... Kxg5 54. Rg4+ {[#]} Kh5 $1 55. Rb4 f5 {[%cal Bf7f5,Bf5f4][%mdl 32]} 56. Kg1 Kg5 57. Kf1 Kf6 58. Ke1 $2 (58. Rb5) 58... Ke5 59. Kd1 f4 60. Kc1 Rc2+ (60... Rxg2 $142 61. Rxb3 Rg3 62. Rb7 Ke4 63. Kc2 Rxh3 64. Kb2 Rh1 65. Rg7 h3 66. Rh7 h2 67. Rh4 Ke3 68. Rh8 f3 69. Re8+ Kf4 70. Rf8+ Ke3 71. Re8+ Kd4 72. Rd8+ Ke4 73. Re8+ Kf4 74. Rf8+ Ke3 75. Re8+) 61. Kd1 Rb2 (61... Rxg2 $19 62. Rxb3 Ke4) 62. Kc1 $1 {[%cal Rc1b2]} Rxg2 63. Rxb3 Rg3 64. Rb5+ Ke4 65. Kd2 Kf3 {Precision: Weiß = 32%, Schwarz = 71%.} 0-1

[Event "IOM Open-Masters 2017"]
[Site "Douglas"]
[Date "2017.09.24"]
[Round "2"]
[White "Roberson, Peter T"]
[Black "Granda Zuniga, Julio E"]
[Result "0-1"]
[WhiteElo "2403"]
[BlackElo "2653"]
[Annotator "TA"]
[PlyCount "80"]
[EventDate "2017.??.??"]
[EventType "swiss"]
[EventCountry "GBR"]
[SourceTitle "playchess.com"]
[Source "ChessBase"]
[SourceQuality "1"]

{[%evp 20,80,0,0,47,35,37,22,24,29,23,21,56,49,57,66,63,66,68,62,62,66,64,12,14,14,46,-27,-41,-184,-190,-185,-185,-179,-177,-248,-246,-264,-265,-274,-251,-262,-231,-406,-370,-384,-399,-596,-430,-467,-410,-548,-545,-1364,-1179,-2045,-1066,-6721,-5362,-12834,-12834,-12839,-12839]} 1. e4 e5 2. Nf3 Nc6 3. Bc4 Nf6 4. d4 exd4 5. e5 d5 6. Bb5 Ne4 7. Nxd4 Bd7 8. Bxc6 bxc6 9. O-O Bc5 10. Be3 Bb6 11. Nd2 Qh4 {C56: Two Knights: 4 d4 exd4 5 0-0 Nxe4} 12. f4 Bg4 13. Qc1 c5 {The position is equal.} 14. N4f3 $146 ({Predecessor:} 14. N4b3 c4 15. Nxe4 cxb3 16. Nc5 bxa2 17. Bd4 O-O 18. Rxa2 f6 19. exf6 Rxf6 20. Qe3 Rf7 21. Re1 Raf8 22. c3 Qh6 23. g3 Bf5 24. b4 Qg6 25. Rae2 h5 {½-½ (25) Opryatkin,N (2313)-Schwetlick,T (2436) ICCF email 2009}) 14... Bxf3 15. Rxf3 O-O 16. c4 c6 17. Rh3 Qe7 18. cxd5 cxd5 19. Nxe4 dxe4 20. Qc4 Qb7 21. f5 (21. a4 $14) 21... Rfe8 22. e6 Rad8 23. Re1 (23. Rg3 $14 fxe6 24. f6 (24. fxe6 Qd5 $17)) 23... fxe6 $11 24. Bxc5 ({White should play} 24. fxe6 $15 Qd5 25. Qxd5 Rxd5 26. b4) 24... Bxc5+ $19 25. Qxc5 {[#]} Rd5 $1 {[%cal Rd5c5]} ({But not} 25... Qxb2 26. fxe6 Rxe6 27. Qxa7 $17) 26. Qc4 exf5 27. Rd1 (27. g4 $142) 27... Red8 28. Rb3 Qf7 29. Rxd5 Qxd5 30. Qxd5+ Rxd5 {[%mdl 4096] Endgame KR-KR} 31. Rb8+ $2 {[#]} (31. Kf1 {keeps fighting.}) 31... Kf7 32. Rb7+ Kf6 33. Rxa7 (33. Kf1 {might work better.} Rd2 34. a4) 33... Rd1+ 34. Kf2 Rd2+ 35. Ke3 Rxb2 {Black is clearly winning.} 36. g4 fxg4 37. Kxe4 Rf2 38. a4 h5 39. a5 Rxh2 40. Ra8 Kg5 {Precision: White = 30%, Black = 69%.} 0-1

[Event "IOM Open-Masters 2017"]
[Site "Douglas"]
[Date "2017.09.24"]
[Round "2"]
[White "Harsha, Bharathakoti"]
[Black "Akobian, Varuzhan"]
[Result "1-0"]
[WhiteElo "2394"]
[BlackElo "2662"]
[Annotator "TA"]
[PlyCount "95"]
[EventDate "2017.??.??"]
[EventType "swiss"]
[EventCountry "GBR"]
[SourceTitle "playchess.com"]
[Source "ChessBase"]
[SourceQuality "1"]

{[%evp 13,95,-7,28,8,25,30,31,33,41,34,33,10,25,23,33,10,8,15,16,12,17,21,51,25,73,60,60,75,74,71,81,89,85,110,116,104,124,80,143,143,158,150,170,176,165,185,257,254,278,278,278,278,265,272,245,247,254,242,252,251,290,290,325,314,390,371,410,546,29979,29980,29977,29978,29978,29977,6091,1840,29986,29986,29986,29987,29988,29988,29988,29989]} 1. c4 e5 2. Nc3 Nc6 3. e3 Nf6 4. Nf3 Bb4 5. Qc2 d6 6. Nd5 {A28: Englische Eröffnung (Vierspringer-Variante)} (6. Be2 O-O 7. O-O Re8 8. d3 a5 9. b3 Bf5 10. Bb2 Ne7 11. Na4 Ng6 12. Rfd1 Bc5 13. Nxc5 dxc5 {0-1 (40) Granda Zuniga,J (2658)-Mareco,S (2655) Buenos Aires 2017}) 6... Bc5 7. a3 a5 {LiveBook: 8 Partien} 8. Be2 {Weiß hat minimalen Vorteil.} Be6 (8... Ba7 {is interesting.} 9. O-O O-O 10. Nc3 Re8 11. d3 Bf5) 9. Nc3 h6 $146 ({Vorgänger:} 9... O-O 10. O-O Qc8 11. Ng5 Bf5 12. d3 Bg4 13. Nd5 Bxe2 {1-0 (26) Balleer,D (1977)-Oppel,D (1548) GER email 2011}) 10. O-O Qd7 11. d3 O-O 12. Bd2 Rfe8 13. Rfd1 Bf5 14. Nd5 Nxd5 15. cxd5 Nb8 16. Bc3 Bb6 17. Nd2 a4 18. Nc4 $36 {[%mdl 2048] Weiss kämpft um Vorteil.} Na6 19. e4 Bg6 20. Nxb6 cxb6 21. b4 Nc7 22. Rac1 Nb5 23. Bb2 f5 24. f3 Rac8 25. Qd2 Kh7 ({Besser ist} 25... Qe7) 26. Qe3 $16 Rxc1 27. Rxc1 Rc8 28. Rxc8 (28. Qxb6 Rxc1+ 29. Bxc1 Qc8 $11) 28... Qxc8 {[#]} 29. Bd1 $1 ({Nur nicht} 29. Qxb6 $2 Qc2 $19) 29... fxe4 (29... h5 $142 30. Bxa4 Nc3) 30. dxe4 $18 Qc4 31. Bxa4 Nd4 32. Bxd4 exd4 33. Bb3 Qa6 34. Qxd4 Qxa3 35. Bd1 Qc1 36. Kf2 Qf4 37. g3 ({Nicht} 37. Qxb6 Qxh2 38. Be2 (38. Qxb7 Qh4+ 39. Ke2 Qh1 $16) 38... Qh4+ 39. Kg1 Qe7 $16) 37... Qc1 38. f4 Qb1 39. e5 Bd3 40. Be2 Be4 41. exd6 Qh1 42. d7 Qxh2+ 43. Ke1 Qxg3+ 44. Kd1 (44. Kd2 $142 Qxf4+ 45. Qe3) 44... Qb3+ {[#]} 45. Kd2 $1 {Weiß setzt Matt.} Qc2+ 46. Ke3 Bf5 47. d8=Q Qc1+ 48. Kf2 {Precision: Weiß = 76%, Schwarz = 26%.} 1-0

[Event "IOM Open-Masters 2017"]
[Site "Douglas"]
[Date "2017.09.24"]
[Round "2"]
[White "Houska, Jovanka"]
[Black "Sargissian, Gabriel"]
[Result "1/2-1/2"]
[WhiteElo "2393"]
[BlackElo "2652"]
[Annotator "TA"]
[PlyCount "102"]
[EventDate "2017.??.??"]
[EventType "swiss"]
[EventCountry "GBR"]
[SourceTitle "playchess.com"]
[Source "ChessBase"]
[SourceQuality "1"]

{[%evp 18,102,28,13,21,-1,0,0,0,0,0,0,0,8,8,0,7,5,0,4,20,9,22,0,0,0,0,0,0,-7,0,0,0,0,0,0,0,-7,0,0,0,-12,-12,0,0,-76,-73,-152,-158,-142,-147,-147,-145,-143,-74,-305,0,0,0,0,0,0,0,-8,-8,-8,46,46,46,46,46,46,46,48,65,0,22,0,0,0,0,0,0,0,0,0,0]} 1. d4 Nf6 2. Nf3 e6 3. c4 b6 4. g3 Ba6 5. b3 Bb4+ 6. Bd2 Be7 7. Nc3 d5 8. cxd5 exd5 9. Bg2 O-O 10. O-O Nbd7 {E15: Queen's Indian: 4 g3 sidelines, 4 g3 Ba6 and 4 g3 Bb7 early deviations} (10... Re8 11. Ne5 Bb7 12. Qc2 c5 13. dxc5 bxc5 14. Rad1 Qc8 15. e4 Bf8 16. f4 d4 17. Nd5 Nxd5 18. exd5 f6 {1-0 (31) Aronian,L (2799)-Navara,D (2737) Saint Louis 2017}) 11. Bc1 Bb4 12. Bb2 Re8 13. Re1 Ne4 14. Rc1 Bb7 $146 ({Predecessor:} 14... Ndf6 15. h3 Rc8 16. a3 Nxc3 17. Bxc3 Bd6 18. b4 {1-0 (52) Hammer,J (2695)-Schekachikhin,M (2321) Stockholm 2015}) 15. e3 Ndf6 16. Ne5 Nxc3 17. Bxc3 Ba3 18. Rc2 Ne4 19. Bb2 Bd6 20. Qc1 Qe7 21. f3 Ng5 22. h4 Ne6 {White must now prevent ...f6.} 23. f4 Nd8 24. Qd1 f6 25. Nd3 Nf7 26. g4 Nh6 27. Bf3 Qf7 28. Bc1 Re7 29. Qd2 Rae8 30. Qg2 Kh8 31. h5 (31. Rc3 $11 {remains equal.}) 31... g6 $17 32. hxg6 ({White should try} 32. Qh1) 32... Qxg6 33. f5 Qg8 34. Kh1 {[#]} Rg7 $1 {[%cal Rh6g4]} 35. Qh3 Nf7 (35... Nxg4 $142 36. Rg2 Ba6) 36. Rg1 $2 (36. Qh5 $17) 36... h5 $2 (36... Ng5 $19 37. Qf1 Ba6) 37. Nf4 $36 {[%mdl 2048] White has the initiative.} Ng5 38. Ng6+ Rxg6 $1 39. Qxh5+ Qh7 40. Qxh7+ Kxh7 41. fxg6+ Kxg6 (41... Kg7 $1 $11 42. Kg2 Rh8) 42. Be2 $14 Rh8+ 43. Kg2 Rh2+ 44. Kf1 Ne4 {[#] Threatens to win with ...Ba6!} 45. Bd3 Rh4 46. Bd2 (46. Ke1 $14) 46... Kg5 {The position is equal.} 47. Be1 Rh3 48. Kg2 Rh2+ $1 49. Kf1 {Hoping for Rxh2.} Rh3 $1 50. Kg2 Rh2+ $1 51. Kf1 {Rxh2 is the strong threat.} Rh3 {Precision: White = 57%, Black = 67%.} 1/2-1/2

[Event "IOM Open-Masters 2017"]
[Site "Douglas"]
[Date "2017.09.24"]
[Round "2"]
[White "Loos, Roland"]
[Black "Timman, Jan H"]
[Result "0-1"]
[WhiteElo "2393"]
[BlackElo "2573"]
[Annotator "TA"]
[PlyCount "90"]
[EventDate "2017.??.??"]
[EventType "swiss"]
[EventCountry "GBR"]
[SourceTitle "playchess.com"]
[Source "ChessBase"]
[SourceQuality "1"]

{[%evp 24,90,53,29,45,32,33,26,29,0,22,8,29,16,0,0,0,-7,35,29,26,8,19,-8,0,-45,66,-29,-20,-24,-18,-19,-21,-22,-13,-38,-30,-31,0,0,0,0,0,-2,0,-62,-63,-70,-71,-66,-65,-72,-62,-75,-77,-100,-37,-195,-204,-207,-199,-233,-160,-145,-65,-343,-340,-504,-492]} 1. d4 Nf6 2. c4 e6 3. Nf3 b6 4. g3 Ba6 5. Nbd2 Bb4 6. Qc2 Bb7 7. Bg2 Be4 8. Qd1 O-O 9. O-O Bxd2 10. Qxd2 d6 11. b3 {E15: Queen's Indian: 4 g3 sidelines, 4 g3 Ba6 and 4 g3 Bb7 early deviations} Nbd7 12. Bb2 Qe7 13. Rfd1 {LiveBook: 8 Games. White is slightly better.} Rfe8 (13... a5 14. Bf1 a4 15. Nh4 axb3 16. axb3 Rxa1 17. Rxa1 Ra8 18. f3 Rxa1 19. Bxa1 {½-½ (84) Vallejo Pons,F (2696)-Akopian,V (2698) Novi Sad 2009}) 14. Rac1 a5 15. Qc3 h6 $146 ({Predecessor:} 15... c6 16. Bf1 b5 17. Nh4 b4 18. Qd2 d5 {0-1 (61) Leitao,R (2575)-Cordova,E (2440) Santiago de Chile 2006}) 16. Bh3 Bb7 17. Qd3 Rad8 18. Nd2 e5 19. d5 Nc5 20. Qc2 Nh7 21. a3 Bc8 22. Bg2 Bd7 23. e4 f5 24. Re1 fxe4 (24... Qf7 $15) 25. Nxe4 (25. b4 $1 $14 Na4 26. Ba1 (26. Nxe4 Nxb2 27. Qxb2 axb4 $14) (26. Bxe4 Ng5 $11) (26. Rxe4 Ra8 $11)) 25... Bf5 $11 26. b4 axb4 27. axb4 Nxe4 28. Bxe4 Bxe4 29. Qxe4 Ng5 $36 {[%cal Bh7g5,Bg5f3,Bf3d2][%mdl 2080] Black fights for an advantage.} 30. Qg4 $1 Qd7 31. Qxd7 Nf3+ 32. Kh1 Rxd7 33. Re3 Rf7 34. Kg2 (34. Re2 $11) 34... Ref8 $15 {Strongly threatening ...Ne1+!} 35. Bc3 {[#]} Nd2 $1 {[%mdl 512]} 36. Re2 (36. Bxd2 Rxf2+) 36... Nxc4 37. b5 $1 {[#]} Na3 $1 38. Rb2 Rf3 39. Be1 Rd3 (39... R8f7 $17 40. Rb4 Rd3) 40. Ra1 $2 (40. Rxc7 $15 Rxd5 41. Rb7) 40... e4 $19 {[%cal Be5e4,Be4e3][%mdl 32]} 41. Rc1 Rf7 ({Not} 41... Rxd5 42. Rxc7 Rf7 43. Rc6 $11) 42. Ra1 e3 43. f4 Rf5 (43... Re7 $17 44. Kf1 Nc4) 44. Rc1 $2 {[%mdl 8192]} (44. Kf1 $15) 44... Rfxd5 45. Rxc7 {[#]} (45. Kf3 {might work better.} Nxb5 46. Ke4) 45... Rd2+ $1 {[%mdl 512] Precision: White = 22%, Black = 52%.} 0-1

[Event "IOM Open-Masters 2017"]
[Site "Douglas"]
[Date "2017.09.24"]
[Round "2"]
[White "Karavade, Eesha"]
[Black "Kruse, Janik"]
[Result "1-0"]
[WhiteElo "2384"]
[BlackElo "2096"]
[Annotator "ChessBase"]
[PlyCount "59"]
[EventDate "2017.??.??"]
[EventType "swiss"]
[EventCountry "GBR"]
[SourceTitle "playchess.com"]
[Source "ChessBase"]
[SourceQuality "1"]
[TimeControl "40/6000+30:20/3000+30:900+30"]

1. Nf3 Nf6 2. c4 c6 3. g3 d5 4. Bg2 Bg4 5. Ne5 Bh5 6. cxd5 cxd5 7. Qa4+ Nbd7 8. Nc3 e6 9. g4 Bg6 10. h4 Bc2 11. Nxf7 Bxa4 12. Nxd8 Rxd8 13. Nxa4 Nxg4 14. Bh3 Ndf6 15. f3 Ne5 16. Bxe6 Bd6 17. d4 Nc6 18. Be3 Ke7 19. Bh3 Bg3+ 20. Kd2 Bxh4 21. Rac1 Ne8 22. Nc5 Na5 23. b3 Bf6 24. Kd3 b6 25. Ne6 Rd6 26. Nc7 Rd8 27. Bd2 Nb7 28. Bb4+ Nbd6 29. Nxd5+ Kf7 30. Nf4 1-0

[Event "IOM Open-Masters 2017"]
[Site "Douglas"]
[Date "2017.09.24"]
[Round "2"]
[White "Woellermann, Jan"]
[Black "Shirov, Alexei"]
[Result "0-1"]
[WhiteElo "2384"]
[BlackElo "2630"]
[Annotator "TA"]
[PlyCount "66"]
[EventDate "2017.??.??"]
[EventType "swiss"]
[EventCountry "GBR"]
[SourceTitle "playchess.com"]
[Source "ChessBase"]
[SourceQuality "1"]

{[%evp 18,66,18,0,29,0,45,36,76,42,66,27,39,33,56,51,65,0,0,0,0,-17,-26,-14,0,-26,-32,-32,-36,-60,-68,-41,-55,-208,-208,-182,-116,-239,-243,-487,-376,-357,-372,-329,-128,-113,-116,-339,-323,-475,-483]} 1. d4 d5 2. c4 c6 3. Nf3 Nf6 4. e3 Bg4 5. h3 Bh5 6. g4 {D11: Slav Defence: 3 Nf3 sidelines and 3...Nf6 4 e3 Bg4} Bg6 7. Ne5 e6 8. Nd2 Nbd7 9. Nxg6 hxg6 10. Bg2 {LiveBook: 46 Games} Bd6 11. O-O O-O 12. h4 $146 ({Predecessor:} 12. f4 c5 13. g5 Nh5 14. cxd5 exd5 15. Bxd5 cxd4 {0-1 (32) Wagner,D (2579)-Shirov,A (2712) Germany 2015}) 12... dxc4 13. Nxc4 Bc7 14. b3 Nd5 15. g5 b5 16. Nd2 Qe7 17. Nf3 (17. a4 $14) 17... e5 $40 {[%mdl 128] Black mounts an attack.} 18. dxe5 Nxe5 19. Bb2 Rad8 20. Qe2 Ng4 21. Rfe1 Ba5 22. Red1 {Strongly threatening Nd4.} Bb6 {And now ...Nf4! would win.} 23. Bd4 c5 24. Bb2 c4 {aiming for ...c3.} 25. Bd4 $2 {[#]} ({Much worse is} 25. bxc4 Nf4 $17) (25. Rxd5 $15 Rxd5 26. bxc4) 25... Nf4 $1 $19 {[%cal Rf4e2][%mdl 512]} 26. Qc2 {[#]} (26. exf4 Qxe2) 26... Nd3 (26... Bxd4 $1 $19 27. Nxd4 Nd3 28. Rxd3 cxd3) 27. Bxb6 (27. Rd2 $17) 27... axb6 28. bxc4 $2 (28. Rd2 Nb4 29. Qd1) 28... Ngxf2 29. Rd2 {[#]} Nb4 $1 {[%cal Rb4c2]} ({Weaker is} 29... Qxe3 30. Re2 $17) 30. Qb3 bxc4 $2 (30... Rxd2 $19 {has better winning chances.} 31. Nxd2 Rd8) 31. Qxc4 $17 Nfd3 ({Reject} 31... Qxe3 $6 32. Rxf2 Nd3 33. Qc2 $11) 32. Re2 $2 (32. a3 $17 {is a better defense.} Qxe3+ 33. Kh1) 32... Rc8 $19 33. Qd4 (33. Qg4 $142) 33... Nc1 {Precision: White = 21%, Black = 66%.} 0-1

[Event "IOM Open-Masters 2017"]
[Site "Douglas"]
[Date "2017.09.24"]
[Round "2"]
[White "Pranav, V."]
[Black "Burrows, Martin P"]
[Result "0-1"]
[WhiteElo "2372"]
[BlackElo "2085"]
[Annotator "ChessBase"]
[PlyCount "104"]
[EventDate "2017.??.??"]
[EventType "swiss"]
[EventCountry "GBR"]
[SourceTitle "playchess.com"]
[Source "ChessBase"]
[SourceQuality "1"]
[TimeControl "40/6000+30:20/3000+30:900+30"]

1. d4 Nf6 2. Nc3 d5 3. Bf4 a6 4. e3 Bf5 5. f3 e6 6. Bd3 Bxd3 7. Qxd3 c5 8. Nge2 Nc6 9. a3 cxd4 10. exd4 Bd6 11. O-O-O b5 12. Bxd6 Qxd6 13. Nb1 O-O 14. g4 Na5 15. b3 Rfc8 16. Kb2 Rc7 17. h4 Rac8 18. Rc1 Nd7 19. Qd2 Nc6 20. g5 Ne7 21. h5 Nf8 22. Qd3 Nf5 23. f4 Qb6 24. Nd2 a5 25. Nb1 Rc6 26. Nbc3 b4 27. axb4 axb4 28. Na4 Qa5 29. Ra1 Qc7 30. Rhc1 Nd7 31. Ra2 Qb8 32. Kb1 Qb7 33. Ng1 Nd6 34. g6 fxg6 35. hxg6 h6 36. Nf3 Ne4 37. Ne5 Nxe5 38. dxe5 Rc3 39. Qd1 Rg3 40. Ka1 Rxg6 41. Qh5 Rg3 42. Rf1 Qb5 43. Re1 Rg2 44. Kb1 Qc6 45. Qd1 Rf2 46. Rg1 Rxf4 47. Ka1 Rf2 48. Qc1 Qc7 49. Nb2 Rxc2 50. Qd1 Rc1+ 51. Qxc1 Qxc1+ 52. Rxc1 Rxc1# 0-1

[Event "IOM Open-Masters 2017"]
[Site "Douglas"]
[Date "2017.09.24"]
[Round "2"]
[White "Arakhamia-Grant, Ketevan"]
[Black "Maroroa, Sue"]
[Result "1/2-1/2"]
[WhiteElo "2369"]
[BlackElo "2083"]
[Annotator "ChessBase"]
[PlyCount "120"]
[EventDate "2017.??.??"]
[EventType "swiss"]
[EventCountry "GBR"]
[SourceTitle "playchess.com"]
[Source "ChessBase"]
[SourceQuality "1"]
[TimeControl "40/6000+30:20/3000+30:900+30"]

1. e4 e5 2. Nf3 Nc6 3. Bc4 Bc5 4. c3 Nf6 5. d3 d6 6. O-O a6 7. Re1 O-O 8. a4 Ba7 9. h3 Ne7 10. Nbd2 Ng6 11. d4 exd4 12. cxd4 d5 13. exd5 Nxd5 14. Ne4 c6 15. a5 h6 16. b3 Re8 17. Bd2 Bf5 18. Ng3 Qd7 19. Nxf5 Qxf5 20. Qb1 Qf6 21. Re4 Re7 22. Rxe7 Qxe7 23. Qf5 Nh4 24. Nxh4 Qxh4 25. Bxd5 cxd5 26. Ra4 Rd8 27. Be3 Qe7 28. Qg4 Qd7 29. Rb4 Qc6 30. g3 Rd6 31. Kg2 Rg6 32. Qf5 Rf6 33. Qg4 Rg6 34. Qh4 Qd7 35. Bf4 Rc6 36. Qg4 Qe7 37. Ra4 Qe4+ 38. Qf3 Qxf3+ 39. Kxf3 Rc3+ 40. Kg4 Rxb3 41. Kf5 Kf8 42. Bd6+ Ke8 43. Ke5 Rb5 44. Ra2 Kd7 45. Bf8 f6+ 46. Kf5 Bxd4 47. Bxg7 Rb2 48. Rxb2 Bxb2 49. Bxh6 d4 50. Ke4 Bc3 51. f4 Ke6 52. f5+ Kf7 53. Bf4 Bxa5 54. Kxd4 Be1 55. g4 b5 56. Kc5 Bf2+ 57. Kb4 Be1+ 58. Kc5 Bf2+ 59. Kb4 Be1+ 60. Kc5 Bf2+ 1/2-1/2

[Event "IOM Open-Masters 2017"]
[Site "Douglas"]
[Date "2017.09.24"]
[Round "2"]
[White "Krishna C R G"]
[Black "Sethuraman, S P"]
[Result "1/2-1/2"]
[WhiteElo "2367"]
[BlackElo "2617"]
[Annotator "TA"]
[PlyCount "63"]
[EventDate "2017.??.??"]
[EventType "swiss"]
[EventCountry "GBR"]
[SourceTitle "playchess.com"]
[Source "ChessBase"]
[SourceQuality "1"]

{[%evp 9,63,21,45,45,45,16,51,42,45,45,45,45,60,52,48,52,90,41,34,36,33,0,48,47,46,44,49,50,47,37,36,4,15,0,0,0,0,0,22,10,8,9,8,20,17,-49,70,0,96,0,0,0,0,0,0,0]} 1. d4 Nf6 2. Nf3 d5 3. e3 g6 4. c4 (4. Be2 Bg7 5. O-O O-O 6. Nbd2 c5 7. dxc5 Nbd7 8. Nb3 Qc7 9. Qd4 e5 10. Qh4 Ne4 11. c4 Bf6 12. Qh6 dxc4 13. Bxc4 Ndxc5 14. Nxc5 Qxc5 {1-0 (43) Kramnik,V (2809)-Hou,Y (2651) Medias 2016}) 4... e6 5. Nbd2 Bg7 6. b4 {[%cal Bb2b4,Bb4b5][%mdl 32] D04: Colle System} O-O 7. Bd3 $146 ({Predecessor:} 7. Be2 b6 8. Ba3 Re8 9. O-O Bb7 10. Qc2 Nbd7 11. Rac1 Rc8 12. c5 c6 13. Bb2 a5 14. a3 {0-1 (35) Meduna,E (2482)-Babula,V (2566) Pardubice 2001}) 7... a5 8. b5 {White is slightly better.} b6 9. Ba3 Re8 10. O-O Nbd7 11. Qc2 Bb7 12. Rac1 dxc4 13. Nxc4 Bxf3 14. gxf3 Nd5 15. Be2 Bf8 16. Bxf8 Rxf8 17. f4 Rc8 18. Ne5 Nxe5 19. dxe5 Qe7 20. Bf3 Nb4 21. Qc4 Rfd8 22. Bb7 Rb8 23. Be4 Rd7 24. Rfd1 {Rxd7 is the strong threat.} Rbd8 25. Rxd7 Rxd7 26. a3 Nd5 27. Rd1 (27. Ra1 $11) 27... Qh4 (27... Qxa3 $15 28. Bxd5 exd5 29. Rxd5 Rxd5 30. Qxd5 Qe7) 28. Rd3 (28. Rd4 $1 $14) 28... Qd8 {[#]} (28... Qg4+ $11 29. Bg2 Qe2) 29. Bxd5 (29. Qc6 $1 $16) 29... Rxd5 $11 {The position is equal.} 30. Rxd5 exd5 31. Qc6 Kg7 32. e6 {Precision: White = 38%, Black = 53%.} 1/2-1/2

[Event "IOM Open-Masters 2017"]
[Site "Douglas"]
[Date "2017.09.24"]
[Round "2"]
[White "Fenil, Shah"]
[Black "Wagner, Dennis"]
[Result "1/2-1/2"]
[WhiteElo "2362"]
[BlackElo "2564"]
[Annotator "TA"]
[PlyCount "59"]
[EventDate "2017.??.??"]
[EventType "swiss"]
[EventCountry "GBR"]
[SourceTitle "playchess.com"]
[Source "ChessBase"]
[SourceQuality "1"]

{[%evp 10,59,7,15,10,-2,-1,-7,0,0,0,0,14,8,0,0,16,12,20,28,47,-17,-4,-9,27,0,9,0,36,30,62,9,0,8,30,30,21,6,34,25,37,22,105,29,43,0,0,0,32,-1,-1,-1]} 1. d4 Nf6 2. Nf3 d5 3. g3 c5 4. Bg2 cxd4 5. O-O h6 6. Bf4 {LiveBook: 11 Partien. D02: Damenbauernspiele} g5 7. Be5 $146 ({Vorgänger:} 7. Bxb8 Rxb8 8. Qxd4 b6 9. c4 Bg7 10. cxd5 O-O 11. e4 Nxd5 12. Qxd5 Qxd5 13. exd5 Bxb2 {1-0 (50) Grischuk,A (2779)-Vallejo Pons,F (2706) Khanty-Mansiysk 2013}) 7... Bg7 8. Nxd4 Nbd7 9. Bxf6 $1 Nxf6 10. c4 O-O 11. cxd5 Nxd5 12. e3 e6 {[%cal Be7e6,Be6e5][%mdl 32]} 13. Qb3 a5 14. Nc3 Nxc3 15. Qxc3 (15. bxc3 $14 e5 16. Nb5) 15... Qb6 16. Rac1 e5 17. Qb3 Qb4 18. Nb5 {[%cal Bd4b5,Bb5c7,Bc7d5][%mdl 32]} e4 19. Nc7 Ra7 20. Rc2 ({Besser ist} 20. Qd5 $14) 20... Qxb3 $11 21. axb3 f5 22. Rd1 b6 23. Bf1 Be5 24. Nd5 Be6 {[#] Und ...Td7 würde nun gewinnen.} 25. Rc6 Kf7 (25... Bf7 $11 {hält das Gleichgewicht.}) 26. Rxb6 (26. Be2 $16 g4 27. Nxb6) 26... Rb8 27. Rxb8 Bxb8 28. Bc4 Be5 29. Rd2 Rd7 30. Kf1 {Precision: Weiß = 49%, Schwarz = 23%.} 1/2-1/2